000 01468cam a22004214i 4500
003 PE-LiUPU
005 20250731173106.0
008 150623s r 000 0 d
035 _a(Sirsi) a25072
040 _aPE-LiUPU
_bspa
_cPE-LiUPU
_erda
082 0 4 _a262.13
_bB23
_221
100 1 _aBarraclough, Geoffrey,
_eautor.
245 1 4 _aThe medieval papacy /
_cGeoffrey Barraclough.
264 1 _aNorwich, Great Britain :
_bHarcourt, Brace & World,
_c1968.
300 _a216 páginas :
_bilustraciones, gráficos ;
_c21 cm.
336 _atext
_2rdacontent
337 _aunmediated
_2rdamedia
338 _avolume
_2rdacarrier
504 _aIncluye bibliografía.
505 0 _aBeginnings. -The rise of the medieval papacy. -The age of reform. -The papal monarchy. -The papacy at the dawn of a new age.
526 _aSEG42
526 _aSEG41
526 _aSEG40
526 _aSEG39
526 _aP94
526 _aP87
526 _aP86
526 _aP85
526 _aP77
526 _aP76
526 _aP35
650 0 4 _aPapado
_xhistoria.
942 _2ddc
_cBOOK
949 _a262.13 B23
_wDEWEY
_c1
_i49487
_lCCODEBUL1
_mBUL
_p00.00
_r0
_sY
_tBOOK
_u2015-06-24
_xTEOLOGIA
_PP35
_0COMPRA
_o.STAFF. Colección General
596 _a1
999 _a262.13 B23
_wDEWEY
_c30193
_i49487
_f2021-11-10
_g5
_lCCODEBUL1
_mBUL
_r0
_sY
_tBOOK
_u2015-6-24
_xTEOLOGIA
_PP35
_0COMPRA
_o.STAFF. Colección General
_d30193
980 _81
_gALBERTO SANCHEZ Responsable de Automatización